| 000 | 00760nam a22002417a 4500 | ||
|---|---|---|---|
| 005 | 20170124105952.0 | ||
| 010 | _aA-953705 | ||
| 020 | _c00.00 | ||
| 035 | _aA-953705 | ||
| 037 | _bCen Lib/Ret | ||
| 040 |
_aDPL _bEN |
||
| 082 |
_a338.954 _bDES |
||
| 100 |
_aDesai, S. S. M. _913738 |
||
| 245 |
_aIndustrial economy of India / _cby S. S. M. Desai [and] Nirmal Bhalerao |
||
| 260 |
_aBombay _bHimalaya Publishing House _c1996 |
||
| 270 |
_a"Ramdoot" Dr. Bhalerao Marg, Girgaon _bBombay _e400004 |
||
| 300 |
_a541p. _c22cm(Hb) |
||
| 500 | _aIncludes bibliographical references and index | ||
| 650 |
_aIndustrial policy _96646 |
||
| 650 |
_aIndustries _913739 |
||
| 700 |
_aBhalerao, Nirmal _913740 |
||
| 942 |
_2ddc _cEN _h338.954 _mDES |
||
| 999 |
_c125328 _d125328 |
||